History Quiz

Random History or Discovery Quiz

Mercury Seven Astronauts Quiz Stats

 Plays Quiz Updated Apr 9, 2015

Challenge
Share
Tweet
Score 0/7 Timer 02:00
2 Plays Today
% Correct
John Glenn
93.8%
Gus Grissom
72.6%
Alan Shepard
68.2%
Gordon Cooper
53.7%
Scott Carpenter
53%
Wally Schirra
49.4%
Deke Slayton
47.7%

You're not logged in!

Compare scores with friends on all Sporcle quizzes.
OR
Log In

You Might Also Like...

Show Comments

Extras

Top Quizzes Today


Score Distribution

Your Account Isn't Verified!

In order to create a playlist on Sporcle, you need to verify the email address you used during registration. Go to your Sporcle Settings to finish the process.

Report this User

Report this user for behavior that violates our Community Guidelines.

Details: